Covid-19 Fiscal Policy Measures, Information Technology and Stock Market Performance of Listed Commercial Banks in Kenya (Record no. 216026)

MARC details
000 -LEADER
fixed length control field 00711nam a22001577a 4500
008 - FIXED-LENGTH DATA ELEMENTS--GENERAL INFORMATION
fixed length control field 250812b |||||||| |||| 00| 0 eng d
050 ## - LIBRARY OF CONGRESS CALL NUMBER
Classification number THE HG 187 .N93 2025
Item number C.1
100 ## - MAIN ENTRY--PERSONAL NAME
Personal name Nyasende, Enock O.
245 ## - TITLE STATEMENT
Title Covid-19 Fiscal Policy Measures, Information Technology and Stock Market Performance of Listed Commercial Banks in Kenya
260 ## - PUBLICATION, DISTRIBUTION, ETC.
Place of publication, distribution, etc. Kisii
Name of publisher, distributor, etc. Kisii University
Date of publication, distribution, etc. 2025
300 ## - PHYSICAL DESCRIPTION
Extent xxii, 121p.:ill.
500 ## - GENERAL NOTE
General note Includes bibliographical references
650 ## - SUBJECT ADDED ENTRY
Topical term or geographic name entry element 1. Fiscal policy—Kenya. 2. COVID-19 Pandemic, 2020—Economic aspects—Kenya. 3. Banks and banking—Kenya. 4. Nairobi Securities Exchange. 5. Commercial banks—Kenya—Performance.
942 ## - ADDED ENTRY ELEMENTS (KOHA)
Source of classification or shelving scheme Library of Congress Classification
Koha item type Reference
Holdings
Withdrawn status Lost status Source of classification or shelving scheme Damaged status Not for loan Collection Home library Current library Date acquired Inventory number Total checkouts Full call number Barcode Date last seen Copy number Price effective from Koha item type
    Library of Congress Classification     Special Research Kisii University Library Kisii University Library 08/12/2025 109432   THE HG 187 .N93 2025 000000023525 08/12/2025 C.1 08/12/2025 Reference